| Record ID | harvard_bibliographic_metadata/ab.bib.02.20150123.full.mrc:219205428:1186 |
| Source | Harvard University |
| Download Link | /show-records/harvard_bibliographic_metadata/ab.bib.02.20150123.full.mrc:219205428:1186?format=raw |
LEADER: 01186cam a2200241I 4500
001 002248653-4
005 20020606093309.7
008 790205s1921 enk 00010 engm
010 $a 21021560
035 0 $aocm04616674
040 $aDLC$cIAY$dIAY$dOCL$dBHA
050 0 $aBJ1025$b.J6
100 1 $aJoad, C. E. M.$q(Cyril Edwin Mitchinson),$d1891-1953.
245 10 $aCommon-sense ethics,$cby C.E.M. Joad, with a preface by Professor A. H. Wildon Carr.
260 0 $aLondon,$bMethuen$c[1921]
300 $axvi, 207 p.$c20 cm.
505 0 $aPart I. Philosophical or traditional ethics : I. Utilitarianism and the philosophy of pleasure -- II. Intuitionism and the moral sense -- III. The form of the good -- IV. Summary of ethical theories and their results --Part II. Empirical or common-sense ethics : V. The psychology of impulse -- VI. The place of impulse in politics and society -- VII. Impulse as the expression of the life force.
650 0 $aEthics.
650 0 $aImpulse.
650 0 $aIntuition.
776 08 $iOnline version:$aJoad, C.E.M. (Cyril Edwin Mitchinson), 1891-1953.$tCommon-sense ethics.$dLondon, Methuen [1921]$w(OCoLC)610484930
988 $a20020608
906 $0DLC